000 00393pab a2200157 454500
008 180718b2011 xxu||||| |||| 00| 0 eng d
100 _aTaylor, James R.
245 _aOrganization as an (imbricated) configuring of transactions
260 _c2011
300 _ap.1273-1294.
362 _aSep
650 _aOrganizations
773 _aOrganization Studies
908 _aN
909 _a93893
999 _c93893
_d93893